Facilities management and the business of space

Bibliographic Details
Main Authors: McGregor, Wes (Author), Then, Danny Shiem-Shin (Author)
Format: Book
Language:English
Published: New York, NY : Routledge 1999
Edition:First edition
Subjects:

MARC

LEADER 00000cam a2200000 7i4500
001 0000029664
005 20241128.0
008 211230 nyua eng
020 |a 9780367399276 
040 |a INS   |b eng   |e rda 
090 0 0 |a HF5547.2   |b .M38 1999 
100 1 |a McGregor, Wes ,   |e author 
245 1 0 |a Facilities management and the business of space   |c Wes McGregor and Danny Shiem-Shin Then 
250 |a First edition 
264 1 |a New York, NY :   |b Routledge   |c 1999 
264 4 |c ©1999 
300 |a xxiv, 248 pages :   |b illustrations ;   |c 26 cm. 
336 |a text  |2 rdacontent 
337 |a unmediated  |2 rdamedia 
338 |a volume  |2 rdacarrier 
504 |a Includes bibliographical references and index 
650 0 |a Facility management 
650 0 |a Office layout 
650 0 |a Real estate management 
650 0 |a Strategic planning 
700 1 |a Then, Danny Shiem-Shin ,   |e author 
999 |a 1000004275   |b BOOK   |c Open Shelf   |e Default branch